| 000 | 00494nam a2200181Ia 4500 | ||
|---|---|---|---|
| 001 | 16991 | ||
| 005 | 20260306170352.0 | ||
| 008 | 260306t2012||||xx |||||||||||||| ||und|| | ||
| 041 | _aESP | ||
| 082 |
_a657.42 _bCH516 2012 |
||
| 100 |
_aChambergo Guillermo, Isidro _eAUT |
||
| 245 | 0 | _aSistema de costos, diseño e implementación en las empresas de servicios, comerciales e industriales | |
| 260 | _c2012 | ||
| 300 |
_a _c |
||
| 650 | _aGEN | ||
| 654 | _aCCO | ||
| 942 |
_cLIB _dJUS _fJUS _2ddc _n |
||
| 999 |
_c16991 _d16991 |
||